Heat and Thermodynamics (Record no. 2599)

MARC details
000 -LEADER
fixed length control field 00578nam a22002177a 4500
003 - CONTROL NUMBER IDENTIFIER
control field OSt
005 - DATE AND TIME OF LATEST TRANSACTION
control field 20151118143533.0
008 - FIXED-LENGTH DATA ELEMENTS--GENERAL INFORMATION
fixed length control field 151118b xxu||||| |||| 00| 0 eng d
020 ## - INTERNATIONAL STANDARD BOOK NUMBER
International Standard Book Number 0071148167
040 ## - CATALOGING SOURCE
Transcribing agency DDC
082 ## - DEWEY DECIMAL CLASSIFICATION NUMBER
Classification number 536 ZEM 1997
100 ## - MAIN ENTRY--PERSONAL NAME
Personal name Zemansky, Mark W.; Dittman, Richard H.
9 (RLIN) 6191
245 ## - TITLE STATEMENT
Title Heat and Thermodynamics
250 ## - EDITION STATEMENT
Edition statement 7th ed.
260 ## - PUBLICATION, DISTRIBUTION, ETC. (IMPRINT)
Place of publication, distribution, etc. New York;
Name of publisher, distributor, etc. Mcgraw hill,
Date of publication, distribution, etc. 1997
300 ## - PHYSICAL DESCRIPTION
Extent xx,487p; ill: 23cm
504 ## - BIBLIOGRAPHY, ETC. NOTE
Bibliography, etc Appendices, answers, & index included
650 ## - SUBJECT ADDED ENTRY--TOPICAL TERM
Topical term or geographic name as entry element Heat
9 (RLIN) 6192
650 ## - SUBJECT ADDED ENTRY--TOPICAL TERM
Topical term or geographic name as entry element Thermodynamics
9 (RLIN) 6193
942 ## - ADDED ENTRY ELEMENTS (KOHA)
Source of classification or shelving scheme Other/Generic Classification Scheme
Koha item type Open Shelf
Holdings
Withdrawn status Lost status Source of classification or shelving scheme Damaged status Not for loan Home library Current library Date acquired Source of acquisition Inventory number Total Checkouts Full call number Barcode Date last seen Date last checked out Koha item type Price effective from
    Dewey Decimal Classification     MUST Main Library MUST Main Library 18/11/2015 Purchase 06/28041 1 536 ZEM 1997 2015-2656 24/09/2019 06/09/2019 Open Shelf  
    Dewey Decimal Classification     MUST Main Library MUST Main Library 27/04/2016   05/24554   536 ZEM 1997 2016-1450 27/04/2016   Short Loan  
    Dewey Decimal Classification     MUST Main Library MUST Main Library 27/04/2016   01/15880   536 ZEM 1997 2016-1487 27/04/2016   Short Loan  
    Dewey Decimal Classification     MUST Main Library MUST Main Library 29/04/2016   01/15881   536 ZEM 1997 2016-1511 29/04/2016   Short Loan  
    Dewey Decimal Classification     MUST Main Library MUST Main Library 06/12/2016   05/24552   536 ZEM 1997 2016-4997 06/12/2016   Open Shelf  
    Dewey Decimal Classification     MUST Main Library MUST Main Library 10/03/2017 Purchase 08/30891 1 536 ZEM 1997 2017-0364 14/04/2021 30/03/2021 Open Shelf  
    Dewey Decimal Classification     MUST Main Library MUST Main Library 27/09/2019 Purchase 06/28115 1 536 ZEM 1997 2019-0483 22/10/2019 27/09/2019 Open Shelf  
    Dewey Decimal Classification     MUST Main Library MUST Main Library 25/10/2019 Purchase 08/30890   536 ZEM 1997 2019-0568 25/10/2019   Open Shelf  
    Dewey Decimal Classification     MUST Main Library MUST Main Library 09/04/2021 Purchase 12/36893   536 ZEM 1997 2021-0392 09/04/2021   Open Shelf 09/04/2021